00400nam a22001457a 4500003000500000038001100005082002100016100001700037245003500054260006300089300001300152500001500165880003000180880004400210NUST awaseem a891.4931092bKHA aKhan, Hafeez aKhuram Bhalpuri /cHafeez Khan aMultan :bMultan Institute of Policy and Research, c2016. a366 p. ; aHardcover. 6100-01\raحفیظ خان 6245-02\raخُرم بہاولپوری /